000 00726nam a2200181 a 4500
008 060803s2006 ||||||||||||||||| || u
050 _aIBRD(08)PRWP/3922
100 _aArmecin, Graeme
245 1 0 _aEarly childhood development through an integrated program
246 _aevidence from the Philippines
260 _aWashington, D. C
_bWorld Bank
_c2006
300 _a36p.;ill
350 _a0.00
490 _aWorld Bank policy research working papers
650 _aEARLY CHILDHOOD DEVELOPMENT--RESEARCH--PHILIPPINES
700 _a[and others]
995 _D0.00
_FCBU-MAIN LIBRARY (Kitwe)
_H1
_I0.00
_M1
_UAVAILABLE
_WAug 3, 2006
_ZInternational Publications
999 _c40601
_d40601